KOHA-Header-6

Investigating Methods (Record no. 12298)

000 -LEADER
fixed length control field 00340nam a22001217a 4500
020 ## - INTERNATIONAL STANDARD BOOK NUMBER
ISBN 978-1780079592
082 ## - DEWEY DECIMAL CLASSIFICATION NUMBER
Classification number 150.72
100 ## - MAIN ENTRY--AUTHOR NAME
Personal name Jean McAvoy and Nicola Brace
245 ## - TITLE STATEMENT
Title Investigating Methods
Statement of responsibility, etc Jean McAvoy and Nicola Brace
260 ## - PUBLICATION, DISTRIBUTION, ETC. (IMPRINT)
Place of publication USA
Name of publisher The open University
Year of publication 2014
300 ## - PHYSICAL DESCRIPTION
Number of Pages 420 pages.
Other physical details 8.4 x 5.9 x 0.8 inches
942 ## - ADDED ENTRY ELEMENTS (KOHA)
Koha item type Books
Holdings
Withdrawn status Lost status Collection code Permanent Location Current Location Shelving location Date acquired Full call number Accession Number Koha item type
    Psychology MAJU MAJU Shelf No.A35 2020-02-27 150.72 9565 Psychology

Powered by Koha